00611nam a2200181Ia 4500001001000000003000500010008004100015010001100056040000900067082002000076100002000096245008900116300001000205440001600215500009300231650006600324710003900390Para_8590CHAP220125s9999 xx 000 0 und d a207401 cCHAP aPA-C 595.752 A6 aAckerman, Lloyd aThe physiological basis of wing production in the grain aphid /c by Lloyd Ackerman a61 p. aAphidae; 23 aSobretiro de: J. Exp. Zoology, 44: 1-61, 1926. Encuadernado con otros impresos similares ax Afididos x Colecciones de escritos x Toxoptera granarium aJournal of Experimental Zoology 44